300 zadač po matematičeskomu analizu. /

Uložené v:
Podrobná bibliografia
Hlavný autor: Rivkind, Jakov Iosifovič (Author)
Médium: Kniha
Jazyk:Russian
Vydané: Minsk : Izdatel`stvo Min. vysšego, srednego special`nogo i professional`nogo obrazovanija BSSR, 1962
Vydanie:1. vyd.
Témy:
ISBN: (brož.)
Fyzický popis: 64 s.
Tagy: Pridať tag
Žiadne tagy, Buďte prvý kto otaguje tento záznam!

MARC

LEADER 00000nam a2200000 a 4500
001 000027841
003 SVKK
005 19970821000000.0
008 970425s1962 bw e ruso
020 |a (brož.) 
040 |a SVKKK  |b slo  |c SVKKK  |e AACR2 
041 0 |a rus 
044 |a bw  |c BY 
080 |a 517(076)  |2 1997 
100 1 |a Rivkind, Jakov Iosifovič  |4 aut 
245 1 0 |a 300 zadač po matematičeskomu analizu. /  |c Jakov Iosifovič Rivkind 
250 |a 1. vyd. 
260 |a Minsk :  |b Izdatel`stvo Min. vysšego, srednego special`nogo i professional`nogo obrazovanija BSSR,  |c 1962 
300 |a 64 s. 
653 0 |a analýza matematická  |2 SVKKKPH 
653 0 |a úlohy  |2 SVKKKPH 
655 7 |a monografie  |2 SVKKKPH 
910 |a svkkk 
974 |a MI  |d 19970519 
974 |a PA  |d 19970611 
974 |a PA  |d 19970821 
998 |a BK 
090 |g SCKHL  |k Sklad Pribinova 2. posch.  |a III.86168  |j 311457  |i 2720719919  |4 Zastaraná  |s Vyradená 
090 |g SCKHL  |k Sklad Pribinova prízemie  |a IV.175104  |j 906357  |i 2720153181  |s Absenčne